[Event "Szolnok Agora op 2nd"]
[Site "Szolnok"]
[Date "2023.07.02"]
[Round "7"]
[White "Torok, Tamas Titusz"]
[Black "Kaloczi, Kristof"]
[Result "1/2-1/2"]
[WhiteElo "1962"]
[BlackElo "2079"]
[PlyCount "41"]
[EventDate "2023.06.29"]
[EventType "swiss"]
[EventRounds "7"]
[EventCountry "HUN"]
[SourceTitle "EXT 2024"]
[Source "ChessBase"]
[SourceDate "2023.10.10"]
[SourceVersion "1"]
[SourceVersionDate "2023.10.10"]
[SourceQuality "1"]

1. e4 b6 2. d4 Bb7 3. Bd3 e6 4. Qe2 d5 5. exd5 Qxd5 6. Nf3 Nf6 7. c4 Qh5 8. Bf4 Bd6 9. Bxd6 cxd6 10. Nbd2 0-0 11. 0-0 Nbd7 12. b4 Rfe8 13. Rfe1 Rac8 14. a4 e5 15. dxe5 dxe5 16. Ne4 Bxe4 17. Bxe4 a5 18. bxa5 bxa5 19. Nd2 Qxe2 20. Rxe2 Nc5 21. Bc2 1/2-1/2

[Event "Szolnok Agora op 2nd"]
[Site "Szolnok"]
[Date "2023.06.30"]
[Round "4"]
[White "Kaloczi, Kristof"]
[Black "To, Nhat Minh"]
[Result "1/2-1/2"]
[WhiteElo "2079"]
[BlackElo "2355"]
[PlyCount "129"]
[EventDate "2023.06.29"]
[EventType "swiss"]
[EventRounds "7"]
[EventCountry "HUN"]
[SourceTitle "EXT 2024"]
[Source "ChessBase"]
[SourceDate "2023.10.10"]
[SourceVersion "1"]
[SourceVersionDate "2023.10.10"]
[SourceQuality "1"]

1. e4 c5 2. Nc3 Nc6 3. Bb5 Nd4 4. Nf3 g6 5. Nxd4 cxd4 6. Ne2 a6 7. Bd3 d5 8. c3 dxe4 9. Bxe4 d3 10. Qa4+ Bd7 11. Qd4 Bc6 12. Qxd3 Qxd3 13. Bxd3 Bxg2 14. Rg1 Bc6 15. Bc4 Nh6 16. d4 Nf5 17. Bf4 Bg7 18. 0-0-0 0-0 19. Ng3 Nh4 20. d5 Bd7 21. Be2 h6 22. Be3 Bb5 23. Bxb5 axb5 24. Kb1 Nf3 25. Rh1 Rfd8 26. Ne4 Ra4 27. Nc5 Rh4 28. Nxb7 Rb8 29. Na5 g5 30. Nc6 Rb7 31. Bc5 Re4 32. Rd3 g4 33. h3 h5 34. hxg4 hxg4 35. Re3 Rxe3 36. Bxe3 Bf6 37. Kc2 Kg7 38. a4 bxa4 39. Ra1 Kg6 40. Nb4 Bd4 41. Kd3 Be5 42. Rxa4 f5 43. Ra6+ Kf7 44. Rb6 Rd7 45. Ke2 Ng1+ 46. Kf1 Nf3 47. Ke2 Ng1+ 48. Kf1 Nf3 49. c4 f4 50. Bc1 Nh2+ 51. Ke1 Bd4 52. Re6 g3 53. fxg3 fxg3 54. Re2 Ra7 55. Nc6 Nf3+ 56. Kf1 Ra1 57. Kg2 Rxc1 58. Kxf3 Bc5 59. Ne5+ Ke8 60. Kxg3 Bd6 61. Kf3 Bxe5 62. Rxe5 Rxc4 63. d6 e6 64. Re4 Rc6 65. Rd4 1/2-1/2

[Event "HUN-ch rapid"]
[Site "Ajka"]
[Date "2020.07.17"]
[Round "1"]
[White "Kaloczi, Kristof"]
[Black "Czebe, Attila"]
[Result "0-1"]
[WhiteElo "2003"]
[BlackElo "2367"]
[PlyCount "74"]
[EventDate "2020.07.17"]
[EventType "swiss (rapid)"]
[EventRounds "13"]
[EventCountry "HUN"]
[SourceTitle "CBM 197 Extra"]
[Source "ChessBase"]
[SourceDate "2020.09.30"]
[SourceVersion "1"]
[SourceVersionDate "2020.09.30"]
[SourceQuality "1"]

1. e4 c5 2. c3 Nf6 3. e5 Nd5 4. Nf3 Nc6 5. Bc4 Nb6 6. Bb3 g6 7. d4 cxd4 8. cxd4 Bg7 9. 0-0 0-0 10. Bf4 d6 11. h3 dxe5 12. dxe5 Qxd1 13. Rxd1 Be6 14. Nc3 Bxb3 15. axb3 Rfd8 16. Kf1 Rxd1+ 17. Rxd1 Na5 18. b4 Nc6 19. b5 Na5 20. Nd5 Nac4 21. b3 Nxd5 22. Rxd5 Nb6 23. Rc5 Rd8 24. Ke2 Nd5 25. Bd2 f6 26. e6 h5 27. Rc4 Rd6 28. Nd4 Nb6 29. Rb4 f5 30. Nf3 Rxe6+ 31. Kf1 Rd6 32. g4 hxg4 33. hxg4 e5 34. Ke2 e4 35. Ne1 Rd7 36. gxf5 gxf5 37. f3 Bf8 0-1

[Event "HUN-chT2 Erkel 1819"]
[Site "Hungary"]
[Date "2019.03.10"]
[Round "7.4"]
[White "Kaloczi, Kristof"]
[Black "Koszegi, Lajos"]
[Result "0-1"]
[WhiteElo "2047"]
[BlackElo "2065"]
[PlyCount "104"]
[EventDate "2018.10.28"]
[EventType "team-tourn"]
[EventRounds "9"]
[EventCountry "HUN"]
[SourceTitle "EXT 2021"]
[Source "ChessBase"]
[SourceDate "2020.10.23"]
[SourceVersion "1"]
[SourceVersionDate "2020.10.23"]
[SourceQuality "1"]
[WhiteTeam "Budapest MTK II"]
[BlackTeam "Szada GSBE"]
[WhiteTeamCountry "HUN"]
[BlackTeamCountry "HUN"]

1. b3 Nf6 2. Bb2 g6 3. e3 Bg7 4. f4 d6 5. Nf3 c5 6. Be2 0-0 7. 0-0 Nc6 8. Qe1 e6 9. a4 b6 10. Na3 Bb7 11. Nc4 Nb4 12. Rc1 Be4 13. Qh4 Bxc2 14. Ng5 h6 15. Rf3 Bd3 16. Bxd3 Nxd3 17. Bxf6 Qxf6 18. Rc3 d5 19. Nd6 Qe7 20. Rxd3 Qxd6 21. Ne4 Qd8 22. Qf2 Qe7 23. Nc3 c4 24. bxc4 dxc4 25. Rd4 Bxd4 26. exd4 Rfd8 27. g4 Qf6 28. Ne2 Rd5 29. h4 Rad8 30. g5 Qg7 31. Qe3 hxg5 32. hxg5 Rxd4 33. Nxd4 Qxd4 34. Qxd4 Rxd4 35. Rf2 Kf8 36. Kf1 Ke7 37. Ke2 Kd6 38. Ke3 Rd3+ 39. Ke4 Ra3 40. Kd4 Rxa4 41. Kc3 b5 42. Rh2 Ra3+ 43. Kd4 Rd3+ 44. Ke4 Ke7 45. Rh8 Rxd2 46. Ra8 Rd7 47. Rb8 a6 48. Rb6 Rc7 49. Rxa6 c3 50. Ra1 b4 51. Kd3 c2 52. Kd2 c1Q+ 0-1

[Event "HUN-chT2 Erkel 1819"]
[Site "Hungary"]
[Date "2019.02.24"]
[Round "6.5"]
[White "Kaloczi, Kristof"]
[Black "Slezak, Robert"]
[Result "1-0"]
[WhiteElo "2047"]
[BlackElo "2027"]
[PlyCount "109"]
[EventDate "2018.10.28"]
[EventType "team-tourn"]
[EventRounds "9"]
[EventCountry "HUN"]
[SourceTitle "EXT 2021"]
[Source "ChessBase"]
[SourceDate "2020.10.23"]
[SourceVersion "1"]
[SourceVersionDate "2020.10.23"]
[SourceQuality "1"]
[WhiteTeam "Budapest MTK II"]
[BlackTeam "Vac"]
[WhiteTeamCountry "HUN"]
[BlackTeamCountry "HUN"]

1. b3 e5 2. Bb2 Nc6 3. e3 Nf6 4. Bb5 d6 5. d4 exd4 6. Qxd4 Bd7 7. Qd2 a6 8. Bd3 Ne5 9. Nf3 Nxd3+ 10. cxd3 Be7 11. Nc3 c6 12. h3 h6 13. e4 0-0 14. 0-0 Ne8 15. d4 Nc7 16. d5 c5 17. e5 Ne8 18. Ne4 dxe5 19. d6 Bf6 20. Nxe5 Bxe5 21. Bxe5 b6 22. Rad1 f5 23. Ng3 Nf6 24. Rfe1 Rf7 25. Bxf6 Qxf6 26. Qd5 Ra7 27. Re7 Kf8 28. Rde1 Bb5 29. a4 Raxe7 30. dxe7+ Rxe7 31. Rxe7 Qa1+ 32. Kh2 Kxe7 33. axb5 axb5 34. Nxf5+ Kf6 35. Nd6 Qe5+ 36. Qxe5+ Kxe5 37. Nxb5 Kd5 38. g4 Ke4 39. Nd6+ Kd5 40. Nc4 b5 41. Na3 c4 42. bxc4+ bxc4 43. Kg3 c3 44. Kf3 g5 45. Ke3 Ke5 46. Nc2 Kd5 47. Kd3 Ke5 48. Kxc3 Kf4 49. Ne3 Kf3 50. Nf5 Kxf2 51. Nxh6 Kg3 52. Kd4 Kxh3 53. Ke5 Kg3 54. Kf5 Kh4 55. Nf7 1-0

[Event "HUN-chT2 Erkel 1718"]
[Site "Hungary"]
[Date "2017.12.03"]
[Round "5.7"]
[White "Kutas, Balazs"]
[Black "Kaloczi, Kristof"]
[Result "1/2-1/2"]
[WhiteElo "1888"]
[BlackElo "1977"]
[PlyCount "55"]
[EventDate "2017.09.24"]
[EventType "team-tourn"]
[EventRounds "11"]
[EventCountry "HUN"]
[SourceTitle "EXT 2021"]
[Source "ChessBase"]
[SourceDate "2020.10.23"]
[SourceVersion "1"]
[SourceVersionDate "2020.10.23"]
[SourceQuality "1"]
[WhiteTeam "Salgotarjan"]
[BlackTeam "Budapest MTK II"]
[WhiteTeamCountry "HUN"]
[BlackTeamCountry "HUN"]

1. e4 e6 2. Nc3 d5 3. d4 Bb4 4. exd5 exd5 5. Bd3 Ne7 6. Nge2 Bf5 7. 0-0 0-0 8. a3 Bxc3 9. bxc3 b6 10. Ng3 Bxd3 11. Qxd3 Nbc6 12. Bg5 f6 13. Bd2 Na5 14. Rfe1 Re8 15. Nh5 Ng6 16. Rxe8+ Qxe8 17. Bh6 Nh4 18. Nxg7 Qg6 19. Qg3 Qxh6 20. Nf5+ Qg5 21. Nxh4 Qxg3 22. hxg3 Re8 23. Kf1 Nc4 24. Nf3 a5 25. a4 Kf7 26. Rd1 Nb2 27. Ra1 Nc4 28. Rd1 1/2-1/2

[Event "Agneaux St Lo op 18th"]
[Site "Agneaux"]
[Date "2017.07.13"]
[Round "7.10"]
[White "Kaloczi, Kristof"]
[Black "Pein, Jonathan"]
[Result "1/2-1/2"]
[WhiteElo "2002"]
[BlackElo "2223"]
[PlyCount "70"]
[EventDate "2017.07.08"]
[EventType "swiss"]
[EventRounds "9"]
[EventCountry "FRA"]
[SourceTitle "EXT 2020"]
[Source "ChessBase"]
[SourceDate "2019.10.17"]
[SourceVersion "1"]
[SourceVersionDate "2019.10.17"]
[SourceQuality "1"]

1. e4 d5 2. exd5 Qxd5 3. Nc3 Qa5 4. d4 Nf6 5. Nf3 Bf5 6. Ne5 c6 7. h3 Nbd7 8. Nc4 Qd8 9. Bf4 Nb6 10. Ne3 Bg6 11. Be2 e6 12. a3 Nbd5 13. Nexd5 Nxd5 14. Bd2 Qb6 15. Nxd5 cxd5 16. Bc3 Bd6 17. Bd3 a6 18. h4 Qc6 19. a4 0-0-0 20. a5 e5 21. dxe5 Rhe8 22. 0-0 d4 23. Qg4+ Kb8 24. Bxd4 Bxe5 25. Bxe5+ Rxe5 26. Bxg6 Qxg6 27. Qxg6 hxg6 28. Rfe1 Rb5 29. b3 Rd2 30. Rec1 Rf5 31. f3 Re5 32. Re1 Rxe1+ 33. Rxe1 Rxc2 34. Re7 Rc7 35. Re4 Rd7 1/2-1/2

[Event "HUN-chT2 Breyer 1617"]
[Site "Hungary"]
[Date "2017.03.12"]
[Round "8.7"]
[White "Kaloczi, Kristof"]
[Black "Laszlo, Imre"]
[Result "1/2-1/2"]
[WhiteElo "1913"]
[BlackElo "2096"]
[PlyCount "38"]
[EventDate "2016.10.30"]
[EventType "team-tourn"]
[EventRounds "9"]
[EventCountry "HUN"]
[SourceTitle "EXT 2021"]
[Source "ChessBase"]
[SourceDate "2020.10.23"]
[SourceVersion "1"]
[SourceVersionDate "2020.10.23"]
[SourceQuality "1"]
[WhiteTeam "Budapest MTK II"]
[BlackTeam "Naszaly Geniusz Tata"]
[WhiteTeamCountry "HUN"]
[BlackTeamCountry "HUN"]

1. e4 g6 2. d4 Bg7 3. c4 d6 4. Nc3 Nc6 5. Be3 e5 6. d5 Nce7 7. Bd3 f5 8. exf5 Nxf5 9. Bxf5 Bxf5 10. Qd2 Nf6 11. h3 Ne4 12. Nxe4 Bxe4 13. f3 Bf5 14. 0-0-0 Qe7 15. Ne2 b6 16. Nc3 h6 17. Rhe1 g5 18. Ne4 Qd7 19. b3 a5 1/2-1/2

[Event "HUN-chT2 Breyer 1617"]
[Site "Hungary"]
[Date "2017.02.12"]
[Round "6.10"]
[White "Kovacs, Andras"]
[Black "Kaloczi, Kristof"]
[Result "1/2-1/2"]
[WhiteElo "1934"]
[BlackElo "1913"]
[PlyCount "45"]
[EventDate "2016.10.30"]
[EventType "team-tourn"]
[EventRounds "9"]
[EventCountry "HUN"]
[SourceTitle "EXT 2021"]
[Source "ChessBase"]
[SourceDate "2020.10.23"]
[SourceVersion "1"]
[SourceVersionDate "2020.10.23"]
[SourceQuality "1"]
[WhiteTeam "Budapest MLTC"]
[BlackTeam "Budapest MTK II"]
[WhiteTeamCountry "HUN"]
[BlackTeamCountry "HUN"]

1. b3 d5 2. d4 Nf6 3. Nf3 Bf5 4. Bb2 e6 5. e3 Bd6 6. Bd3 Bg6 7. Ne5 Nbd7 8. f4 c6 9. 0-0 Bxd3 10. cxd3 h5 11. Nd2 Qe7 12. a3 0-0-0 13. b4 Bxe5 14. dxe5 Ng4 15. Qf3 Rdg8 16. h3 Nh6 17. e4 g5 18. fxg5 Qxg5 19. Rf2 Nxe5 20. Qe2 Nhg4 21. Nf3 Nxf3+ 22. Rxf3 Ne5 23. Rf2 1/2-1/2

[Event "Elekes Memorial op"]
[Site "Budapest"]
[Date "2015.07.22"]
[Round "5"]
[White "Horvath, David G"]
[Black "Kaloczi, Kristof"]
[Result "1-0"]
[WhiteElo "2356"]
[BlackElo "1702"]
[PlyCount "51"]
[EventDate "2015.07.18"]
[EventType "swiss"]
[EventRounds "9"]
[EventCountry "HUN"]
[SourceTitle "EXT 2016"]
[Source "ChessBase"]
[SourceDate "2015.10.08"]
[SourceVersion "1"]
[SourceVersionDate "2015.10.08"]
[SourceQuality "1"]

1. c4 Nf6 2. Nc3 e6 3. Nf3 b6 4. g3 Bb7 5. Bg2 d5 6. cxd5 exd5 7. d4 Be7 8. 0-0 0-0 9. Ne5 Nbd7 10. Qa4 Nxe5 11. dxe5 Ne8 12. Nxd5 Bxd5 13. Rd1 c6 14. e4 Nc7 15. exd5 cxd5 16. Be3 Re8 17. Qb3 Rc8 18. Bxd5 Nxd5 19. Rxd5 Qc7 20. Rc1 Qb7 21. Rcd1 Red8 22. e6 fxe6 23. Rd7 Qf3 24. Qxe6+ Qf7 25. Qxf7+ Kxf7 26. Bg5 1-0

[Event "Budapest Art Pub Cup 8th"]
[Site "Budapest"]
[Date "2015.07.11"]
[Round "5"]
[White "Kaloczi, Kristof"]
[Black "Kovacs, Gabor Etele"]
[Result "0-1"]
[WhiteElo "1702"]
[BlackElo "1949"]
[PlyCount "94"]
[EventDate "2015.07.09"]
[EventType "swiss"]
[EventRounds "7"]
[EventCountry "HUN"]
[SourceTitle "CBM 167 Extra"]
[Source "ChessBase"]
[SourceDate "2015.09.14"]
[SourceVersion "1"]
[SourceVersionDate "2015.09.14"]
[SourceQuality "1"]

1. d4 d5 2. Nf3 Nf6 3. Bg5 e6 4. e3 c5 5. c3 Nc6 6. Bd3 h6 7. Bh4 c4 8. Bc2 Be7 9. Nbd2 Bd7 10. Bxf6 Bxf6 11. e4 0-0 12. 0-0 b5 13. Ne1 a5 14. e5 Be7 15. f4 b4 16. f5 exf5 17. Bxf5 Bxf5 18. Rxf5 Qb6 19. Rb1 g6 20. Rf2 Bg5 21. Kf1 Ne7 22. g4 Bh4 23. Rg2 f6 24. exf6 Rxf6+ 25. Kg1 Raf8 26. Nef3 Bg5 27. Nxg5 hxg5 28. Rg3 Qe6 29. Qe1 Qf7 30. Rg2 Nc6 31. h3 Rf4 32. Qg3 Nd8 33. Re1 Ne6 34. h4 Rf6 35. Rh2 gxh4 36. Qxh4 Qg7 37. Rf1 Nf4 38. Rhf2 g5 39. Qg3 Qh7 40. Rh2 Qc2 41. Rhf2 Qxb2 42. Ne4 Ne2+ 43. Kg2 Nxg3 44. Nxf6+ Rxf6 45. Rxb2 Nxf1 46. cxb4 Ne3+ 47. Kg3 c3 0-1

[Event "Budapest Art Pub Cup 8th"]
[Site "Budapest"]
[Date "2015.07.11"]
[Round "4"]
[White "Toth, Tamas"]
[Black "Kaloczi, Kristof"]
[Result "1/2-1/2"]
[WhiteElo "1995"]
[BlackElo "1702"]
[PlyCount "103"]
[EventDate "2015.07.09"]
[EventType "swiss"]
[EventRounds "7"]
[EventCountry "HUN"]
[SourceTitle "CBM 167 Extra"]
[Source "ChessBase"]
[SourceDate "2015.09.14"]
[SourceVersion "1"]
[SourceVersionDate "2015.09.14"]
[SourceQuality "1"]

1. e4 e6 2. d4 d5 3. Nd2 Nf6 4. e5 Nfd7 5. Bd3 c5 6. c3 Nc6 7. Ngf3 Qb6 8. 0-0 cxd4 9. cxd4 Nxd4 10. Nxd4 Qxd4 11. Nf3 Qb4 12. a3 Qe7 13. b4 f5 14. exf6 gxf6 15. Nd4 Ne5 16. Bb5+ Bd7 17. Qa4 Bxb5 18. Qxb5+ Qd7 19. Nxe6 Qxb5 20. Nc7+ Kf7 21. Nxb5 a6 22. Nd4 Be7 23. Rd1 Rhd8 24. f4 Nc6 25. Nb3 a5 26. b5 a4 27. bxc6 axb3 28. Rd3 bxc6 29. Rxb3 Ra4 30. Rh3 Kg7 31. Rb1 Rd7 32. Rbb3 d4 33. f5 Bd6 34. Rh4 c5 35. Bh6+ Kh8 36. Re4 Ra8 37. Rb6 Rc8 38. Rc6 Rb8 39. Rb6 Rc8 40. Rc6 Rdd8 41. Ra6 c4 42. Rg4 Bf8 43. Bxf8 Rxf8 44. Ra7 c3 45. Rgg7 Rfd8 46. Rxh7+ Kg8 47. Rhg7+ Kh8 48. Rh7+ Kg8 49. Rag7+ Kf8 50. Rf7+ Kg8 51. Rhg7+ Kh8 52. Rh7+ 1/2-1/2

[Event "HUN-ch U14"]
[Site "Balatonlelle"]
[Date "2015.06.21"]
[Round "4"]
[White "Kovacs, Mate"]
[Black "Kaloczi, Kristof"]
[Result "0-1"]
[WhiteElo "1353"]
[BlackElo "1781"]
[PlyCount "82"]
[EventDate "2015.06.18"]
[EventType "swiss"]
[EventRounds "9"]
[EventCountry "HUN"]
[SourceTitle "CBM 167 Extra"]
[Source "ChessBase"]
[SourceDate "2015.09.14"]
[SourceVersion "1"]
[SourceVersionDate "2015.09.14"]
[SourceQuality "1"]

1. e4 c5 2. Nc3 d6 3. g3 Nf6 4. Bg2 e6 5. d3 Be7 6. f4 Nbd7 7. Nf3 Qc7 8. 0-0 a6 9. h3 0-0 10. g4 Ne8 11. Nh2 b5 12. g5 b4 13. Ne2 Bb7 14. h4 f5 15. Ng3 g6 16. Qe2 Rf7 17. h5 Nb6 18. exf5 exf5 19. Bxb7 Qxb7 20. hxg6 hxg6 21. Qe6 Kg7 22. Re1 Qd5 23. b3 Qxe6 24. Rxe6 Nc7 25. Bb2+ Kh7 26. Re2 Bf8 27. Ng4 Bg7 28. Nf6+ Bxf6 29. Bxf6 Kg8 30. Rae1 Nbd5 31. Rh2 Nxf6 32. gxf6 Nd5 33. Nxf5 gxf5 34. Kf2 Nxf6 35. Re6 Ng4+ 36. Kg3 Nxh2 37. Kxh2 Rg7 38. Rf6 Rf8 39. Rxd6 Kf7 40. Rh6 Re8 41. Kh3 Re3+ 0-1

[Event "HUN-ch U14"]
[Site "Balatonlelle"]
[Date "2015.06.18"]
[Round "1"]
[White "Kaloczi, Kristof"]
[Black "Bohus, Adam"]
[Result "0-1"]
[WhiteElo "1781"]
[BlackElo "2128"]
[PlyCount "132"]
[EventDate "2015.06.18"]
[EventType "swiss"]
[EventRounds "9"]
[EventCountry "HUN"]
[SourceTitle "CBM 167 Extra"]
[Source "ChessBase"]
[SourceDate "2015.09.14"]
[SourceVersion "1"]
[SourceVersionDate "2015.09.14"]
[SourceQuality "1"]

1. e4 e5 2. Nf3 Nc6 3. Bb5 a6 4. Ba4 Nf6 5. 0-0 Be7 6. Re1 b5 7. Bb3 d6 8. c3 0-0 9. h3 Na5 10. Bc2 c5 11. d4 Nd7 12. Nbd2 exd4 13. cxd4 Re8 14. Nf1 Bb7 15. Ng3 g6 16. b3 Bf6 17. Bb2 Rc8 18. Rc1 Nc6 19. Qd2 Qa5 20. Qxa5 Nxa5 21. Bb1 Bg7 22. Rcd1 d5 23. exd5 Rxe1+ 24. Rxe1 Bxd5 25. Be4 Nf6 26. Bxd5 Nxd5 27. Ne5 c4 28. bxc4 Nxc4 29. Rc1 Rc7 30. Nxc4 bxc4 31. Ne4 f5 32. Nc3 Nb4 33. Ne2 Nxa2 34. Ra1 Nb4 35. Bc3 Nd5 36. Rxa6 Re7 37. Kf1 Rxe2 38. Kxe2 Nxc3+ 39. Kf3 Bxd4 40. Rc6 Ne4 41. Ke2 c3 42. f3 Nc5 43. Rc7 Ne6 44. Rc4 Kg7 45. Kd3 Kf6 46. Rc6 Ke5 47. g3 Kd5 48. Rc8 Nc5+ 49. Kc2 Kc4 50. g4 f4 51. h4 h5 52. g5 Kd5 53. Rd8+ Kc4 54. Rc8 Kd5 55. Rd8+ Ke5 56. Re8+ Ne6 57. Kd3 Bf2 58. Kxc3 Bxh4 59. Ra8 Nxg5 60. Ra5+ Kf6 61. Ra6+ Kg7 62. Kd3 Bg3 63. Ke2 h4 64. Ra1 h3 65. Rh1 h2 66. Ra1 Nh3 0-1